000 00572cam a2200217ua 4500
001 6224
005 20260515114020.0
008 131123n ii |||gr||||Z||||||eng
020 _a81-7096-500-4
040 _cMAIN
082 _a657
245 _aBook-keeping and accountancy
_cBy C. Mohan Juneja
260 _aLudhiana:
_bkalyani publishers,
_c1991.
300 _ax,526p.
653 _aCommerce
653 _aBook-keeping and accountancy
700 _aJuneja,C. Mohan,
_eAuthor.,
700 _aChawla,R.C.,
_eAuthor.
700 _aSaxena,K.K.,
_eAuthor.
942 _cBK
999 _c5371
_d5371